Fun with internet

Bibliographic Details
Main Author: Iskandar Ab Rashid
Other Authors: Zaitun Ismail
Format: Book
Published: Selangor : Venton Publishing , 2005
Series:ICT Series
Subjects:

MARC

LEADER 00000cam a2200000 7i4500
001 0000006910
005 20151222.0
008 070827
020 |a 9832661722 
090 0 0 |a COM   |b ENG 
100 0 |a Iskandar Ab Rashid 
245 1 0 |a Fun with internet   |c Iskandar Ab Rashid dan Zaitun Ismail 
260 |a Selangor :   |b Venton Publishing ,   |c 2005 
440 |a ICT Series 
500 |a Children ages 10-12 years old (pink) 
650 0 |a Computer   |x Study and teaching 
650 0 |a Internet   |x Juvenile literature 
700 1 |a Zaitun Ismail 
999 |a 0000986577   |b Book   |c Children Collection   |e Cawangan Tmn. Ungku Tun Aminah 
999 |a 0000986578   |b Book   |c Children Collection   |e Cawangan Bandar Penawar 
999 |a 0000986579   |b Book   |c Children Collection   |e Perbadanan Perpustakaan Awam Johor 
999 |a 0000986580   |b Book   |c Children Collection   |e Perbadanan Perpustakaan Awam Johor 
999 |a 0000986581   |b Book   |c Children Collection   |e Cawangan Batu Pahat